| 000 | 00983nam a2200253 a 4500 | ||
|---|---|---|---|
| 001 | BRCA_3494 | ||
| 005 | 20190320204316.0 | ||
| 008 | 260509m19881989mx-a---###---#000-0#spa-# | ||
| 041 | _aspa | ||
| 044 | _amx | ||
| 050 | 4 |
_aF1391.P8 _b.M43 1988 |
|
| 100 | 1 |
_aMeade de Angulo, Mercedes _9281 |
|
| 245 | 1 | 0 |
_aCartografía del Estado de Puebla Siglo XVI _cMercedes Meade de Angulo ; realización Miguel Rosette H. |
| 260 |
_aMéxico _bGobierno del Estado de Puebla : Centro Regional de Puebla : INAH : SEP _c1988-1989 |
||
| 300 |
_a1 atlas (2 v.) _bil. (algunas a color), mapas _c34 cm. |
||
| 500 | _aCada volumen tiene láminas entre las hojas | ||
| 500 | _aReproducciones de mapas y de planos de varias colecciones, comenzando con el AGN | ||
| 500 | _aFondo: Archivo General de la Nación | ||
| 650 | 1 | 4 |
_aCartografía _xHistoria _zMéxico _9760 |
| 651 | 4 |
_aPuebla (México) _zGeografía histórica _99092 |
|
| 700 | 1 |
_aRosette H., Miguel _96839 |
|
| 902 | _aREF | ||
| 942 |
_2lcc _cB |
||
| 999 |
_c3229 _d3229 |
||